Największe polskie miasta na litere W - Statystyki

Ogólne statystyki
  • Ten quiz został rozwiązany 94 razy
  • Średni wynik to 5 z 6
Statystyki odpowiedzi
Liczba mieszkańców Miasto Województwo % Poprawnych
1.790.658 Warszawa Mazowieckie
99%
642.869 Wrocław dolnośląskie
99%
111.356 Wałbrzych dolnośląskie
86%
109.883 Włocławek kujawsko-pomorskie
72%
49.505 Wejherowo pomorskie
57%
47.813 Wodzisław Śląski śląskie
38%
Nie znaleziono quizów pasujących do podanych kryteriów
Rozkład punktacji
Procent ludzi z każdym wynikiem
Percentyl według liczby udzielonych odpowiedzi
Twoja historia wyników
Nie rozwiązałeś tego quizu